Pays ayant le moins de lettres de l'alphabet - Statistiques

Statistiques générales
  • Ce quiz a été pris 120 fois
  • Le résultat moyen est 12 sur 23
Statistiques - réponses
Pays % Correct
Togo
70%
Iran
69%
Irak
67%
Mali
65%
Laos
64%
Cuba
59%
Oman
58%
Inde
57%
Canada
56%
Chili
50%
Fidji
49%
Yémen
49%
Ghana
48%
Haïti
48%
Qatar
48%
Bénin
47%
Suède
42%
Panama
41%
Suisse
41%
Nauru
40%
Grèce
39%
Samoa
36%
Kosovo
35%
Aucun quiz correspondant
Distribution des résultats
% des personnes avec chaque résultat
Percentile par nombre de réponses
Votre historique - résultats
Vous n’avez pas pris ce quiz